[Event "DEM U12w 2023"]
[Site "Willingen GER"]
[Date "2023.05.31"]
[Round "6"]
[White "Eitel, Liz"]
[Black "Neumann, Anna-Lena"]
[Result "1-0"]
[Termination "normal"]
[Board "21"]
[WhiteElo "971"]
[BlackElo "740"]
[WhiteClock "01:24:51"]
[BlackClock "01:00:48"]
[PlyCount "81"]
[WhiteFideId "34622195"]
[BlackFideId "34660321"]
[EventCountry "GER"]
[EventRounds "9"]
[EventType "swiss"]
[EventDate "2023.05.27"]

1. e4 {[%clk 01:30:56]} {[%emt 00:00:03]} e5 {[%clk 01:30:54]} {[%emt
00:00:06]} 2. Nc3 {[%clk 01:31:17]} {[%emt 00:00:09]} Nf6 {[%clk 01:30:41]}
{[%emt 00:00:43]} 3. f4 {[%clk 01:31:39]} {[%emt 00:00:08]} Nc6 {[%clk
01:30:40]} {[%emt 00:00:31]} 4. fxe5 {[%clk 01:32:00]} {[%emt 00:00:09]} Nxe5
{[%clk 01:30:57]} {[%emt 00:00:13]} 5. d4 {[%clk 01:32:20]} {[%emt 00:00:10]}
Nc6 {[%clk 01:30:26]} {[%emt 00:01:00]} 6. Nf3 {[%clk 01:31:51]} {[%emt
00:01:00]} Bb4 {[%clk 01:30:37]} {[%emt 00:00:19]} 7. Bd2 {[%clk 01:31:15]}
{[%emt 00:01:05]} d6 {[%clk 01:30:16]} {[%emt 00:00:51]} 8. Bc4 {[%clk
01:31:21]} {[%emt 00:00:24]} O-O {[%clk 01:30:34]} {[%emt 00:00:13]} 9. e5
{[%clk 01:29:56]} {[%emt 00:01:55]} d5 {[%clk 01:28:43]} {[%emt 00:02:21]} 10.
exf6 {[%clk 01:28:10]} {[%emt 00:02:15]} Qxf6 {[%clk 01:28:10]} {[%emt
00:01:03]} 11. Be2 {[%clk 01:27:43]} {[%emt 00:00:56]} Re8 {[%clk 01:28:11]}
{[%emt 00:00:30]} 12. O-O {[%clk 01:27:22]} {[%emt 00:00:51]} Qg6 {[%clk
01:27:25]} {[%emt 00:01:14]} 13. Nxd5 {[%clk 01:26:47]} {[%emt 00:01:09]} Bh3
{[%clk 01:27:21]} {[%emt 00:00:33]} 14. Rf2 {[%clk 01:27:00]} {[%emt 00:00:17]}
Bd6 {[%clk 01:26:23]} {[%emt 00:01:27]} 15. Nf4 {[%clk 01:25:57]} {[%emt
00:01:34]} Bxf4 {[%clk 01:25:39]} {[%emt 00:01:15]} 16. Bxf4 {[%clk 01:26:13]}
{[%emt 00:00:14]} Re4 {[%clk 01:25:14]} {[%emt 00:00:54]} 17. Bxc7 {[%clk
01:25:56]} {[%emt 00:00:48]} Rae8 {[%clk 01:24:39]} {[%emt 00:01:03]} 18. Bd3
{[%clk 01:25:56]} {[%emt 00:00:28]} a5 {[%clk 01:19:47]} {[%emt 00:05:25]} 19.
Bxe4 {[%clk 01:26:11]} {[%emt 00:00:14]} Rxe4 {[%clk 01:19:25]} {[%emt
00:00:53]} 20. d5 {[%clk 01:25:46]} {[%emt 00:00:56]} Rg4 {[%clk 01:19:05]}
{[%emt 00:00:49]} 21. Bg3 {[%clk 01:26:07]} {[%emt 00:00:10]} Nd8 {[%clk
01:14:54]} {[%emt 00:04:38]} 22. Ne5 {[%clk 01:25:51]} {[%emt 00:00:47]} Qe4
{[%clk 01:13:52]} {[%emt 00:01:31]} 23. Nxg4 {[%clk 01:25:36]} {[%emt
00:00:47]} Bxg4 {[%clk 01:13:33]} {[%emt 00:00:49]} 24. Qe1 {[%clk 01:25:26]}
{[%emt 00:00:41]} f5 {[%clk 01:11:20]} {[%emt 00:02:43]} 25. Qxe4 {[%clk
01:25:31]} {[%emt 00:00:24]} fxe4 {[%clk 01:10:51]} {[%emt 00:00:59]} 26. Rf4
{[%clk 01:25:47]} {[%emt 00:00:14]} Bd7 {[%clk 01:10:22]} {[%emt 00:00:58]} 27.
Rxe4 {[%clk 01:25:57]} {[%emt 00:00:21]} b5 {[%clk 01:08:43]} {[%emt 00:02:08]}
28. c4 {[%clk 01:25:29]} {[%emt 00:00:59]} b4 {[%clk 01:07:44]} {[%emt
00:01:30]} 29. Rc1 {[%clk 01:25:26]} {[%emt 00:00:32]} Nf7 {[%clk 01:07:26]}
{[%emt 00:00:49]} 30. Re7 {[%clk 01:23:45]} {[%emt 00:02:05]} Ba4 {[%clk
01:06:10]} {[%emt 00:01:52]} 31. b3 {[%clk 01:23:57]} {[%emt 00:00:18]} Kf8
{[%clk 01:05:42]} {[%emt 00:00:57]} 32. Rxf7+ {[%clk 01:23:57]} {[%emt
00:00:31]} Kxf7 {[%clk 01:05:47]} {[%emt 00:00:26]} 33. bxa4 {[%clk 01:24:21]}
{[%emt 00:00:05]} h5 {[%clk 01:04:51]} {[%emt 00:01:25]} 34. d6 {[%clk
01:24:39]} {[%emt 00:00:13]} g5 {[%clk 01:03:38]} {[%emt 00:01:44]} 35. d7
{[%clk 01:23:42]} {[%emt 00:01:27]} Ke7 {[%clk 01:02:56]} {[%emt 00:01:11]} 36.
Rd1 {[%clk 01:24:07]} {[%emt 00:00:07]} Kd8 {[%clk 01:02:02]} {[%emt 00:01:23]}
37. Bc7+ {[%clk 01:24:13]} {[%emt 00:00:24]} Ke7 {[%clk 01:01:46]} {[%emt
00:00:44]} 38. d8=Q+ {[%clk 01:24:28]} {[%emt 00:00:16]} Ke6 {[%clk 01:01:53]}
{[%emt 00:00:22]} 39. Qe8+ {[%clk 01:24:29]} {[%emt 00:00:28]} Kf5 {[%clk
01:01:48]} {[%emt 00:00:35]} 40. Rf1+ {[%clk 01:24:44]} {[%emt 00:00:18]} Kg4
{[%clk 01:00:48]} {[%emt 00:01:29]} 41. Qe4# {[%clk 01:24:51]} {[%emt
00:00:21]} 1-0